12,5 bí quyết của người bán hàng xuất sắc
Với 12,5 bí quyết bán hàng đỉnh cao, Bán hàng không phải ai cũng biết sẽ giúp người đọc hiểu rõ hơn về công việc bán hàng tưởng chừng như đơn giản. Trong một chừng mực nào đó, cuốn sách sẽ giúp người đọc trả lời những câu hỏi như: Đâu...
Spremljeno u:
| Glavni autor: | |
|---|---|
| Daljnji autori: | , |
| Format: | Knjiga |
| Jezik: | Vietnamese |
| Izdano: |
H.
Lao động - Xã hội
2013
|
| Teme: | |
| Oznake: |
Dodaj oznaku
Bez oznaka, Budi prvi tko označuje ovaj zapis!
|
| Thư viện lưu trữ: | Thư viện Trường Đại học Nam Cần Thơ |
|---|
| LEADER | 01581nam a22002177a 4500 | ||
|---|---|---|---|
| 001 | NCT_4_013254 | ||
| 008 | 241011b xxu||||| |||| 00| 0 vie d | ||
| 999 | |c 8627 |d 8627 | ||
| 020 | |c 69000 | ||
| 082 | 0 | 4 | |2 23rd ed. |a 658.85 |b G536 |
| 100 | 1 | |a Gitomer, Jeffrey | |
| 245 | 1 | 0 | |a 12,5 bí quyết của người bán hàng xuất sắc |c Jeffrey Gitomer ; Minh Hạnh, Bích Việt (Nhóm BKD) dịch |
| 260 | |a H. |b Lao động - Xã hội |c 2013 | ||
| 300 | |a 271 tr.. |c 21 cm | ||
| 520 | 3 | |a Với 12,5 bí quyết bán hàng đỉnh cao, Bán hàng không phải ai cũng biết sẽ giúp người đọc hiểu rõ hơn về công việc bán hàng tưởng chừng như đơn giản. Trong một chừng mực nào đó, cuốn sách sẽ giúp người đọc trả lời những câu hỏi như: Đâu là sự khác biệt giữa một chuyên gia bán hàng và một nhân viên bán hàng a-ma-tơ? Nhân viên bán hàng cần những gì để duy trì thành công trong nghề?,... và vận dụng khéo léo các bí quyết bán hàng vào thực tiễn công việc. | |
| 653 | |a Quản trị kinh doanh | ||
| 700 | |a Minh Hạnh (Nhóm BKD) |e Dịch | ||
| 700 | 0 | |a Bích Việt (Nhóm BKD) |e Dịch | |
| 942 | |2 ddc |c BK | ||
| 952 | |0 0 |1 0 |2 ddc |4 0 |6 658_850000000000000_G536 |7 0 |9 29550 |a 000001 |b 000001 |d 2024-10-11 |o 658.85 G536 |p MD.22801 |r 2024-10-11 |v 69000.00 |w 2024-10-11 |y BK | ||
| 980 | |a Thư viện Trường Đại học Nam Cần Thơ | ||